000 01653cam a22004694i 4500
003 PE-LiUPU
005 20250731173506.0
008 150616s r 000 0 d
035 _a(Sirsi) a7068
040 _aPE-LiUPU
_bspa
_cPE-LiUPU
_erda
049 _aPRUA
082 0 4 _a221.6
_bB31
_221
100 1 _aBeck, Astrid B.,
_eautor.
245 1 0 _aFortunate the Eyes That See /
_cAstrid B. Beck.
264 1 _aGrand Rapids, Michigan :
_bW.B. Eerdmans Publishing Company,
_c1995.
300 _a672 páginas ;
_c24 cm.
336 _atext
_2rdacontent
337 _aunmediated
_2rdamedia
338 _avolume
_2rdacarrier
505 0 _aTorah -- Former Prophets -- latter Prophets -- Writings -- Hebrew Poetry -- ancient Near East -- new Testament -- Religion and Art -- Other Perspective.
526 _aSEG42
526 _aSEG41
526 _aSEG40
526 _aSEG39
526 _aP94
526 _aP87
526 _aP86
526 _aP85
526 _aP77
526 _aP76
526 _aP35
630 _aBiblia.
_pA.T.
_xCrítica, interpretación, etc.
700 1 _aBartelf, Andrew H.,
_eeditor.
700 1 _aRaabe, Paul R.,
_eeditor.
910 _ajck
_bjvq
_cjck
942 _2ddc
_cBOOK
949 _a221.6 B31
_wDEWEY
_c1
_i40477
_lCCODEBUL1
_mBUL
_p00.00
_r0
_sY
_tBOOK
_u19960122
_xTEOLOGIA
_zUNKNOWN
_0COMPRA
_o.STAFF. Colección General
994 _aC0
_bPEPRU
596 _a1
999 _a221.6 B31
_wDEWEY
_c58270
_i40477
_f2021-11-9
_g5
_lCCODEBUL1
_mBUL
_r0
_sY
_tBOOK
_u2015-6-16
_xTEOLOGIA
_zUNKNOWN
_0COMPRA
_o.STAFF. Colección General
_d58270
980 _81
_gALBERTO SANCHEZ Responsable de Automatización